000 00574nam a2200181 i 4500
001 32692
003 ES-MaACL
005 20230906154622.0
007 t|
008 030131s1932 fr ||||1| fre d
100 1 _aBerthelot, René.
_928444
245 1 0 _aScience et Philosophie chez Goethe /
_cpar René Berthelot.
260 _aParís :
_b[s.n.,
_c1932] (
_fPresses Universitaires)
300 _a188 p. ;
_c19 cm.
600 1 4 _aGoethe, Johann Wolfgang von,
_d1749-1832-
_xCrítica e interpretación
_957571
852 _aES-MaACL
_jA-3873
999 _c32692
_d32692